Przystanki początkowe i końcowe linii w Poznaniu - Statystyki

Ogólne statystyki
  • Ten quiz został rozwiązany 73 razy
    68 od ostatniego zresetowania
  • Średni wynik to 25 z 40
Statystyki odpowiedzi
Odpowiedź % Poprawnych
Rondo Rataje
83%
Rondo Rataje
83%
Rondo Rataje
83%
Dębiec PKM
81%
Dębiec PKM
81%
Górczyn PKM
81%
Górczyn PKM
81%
Górczyn PKM
81%
Os. Sobieskiego
81%
Os. Sobieskiego
81%
Os. Sobieskiego
81%
Os. Sobieskiego
81%
Os. Sobieskiego
81%
Garbary PKM
79%
Rondo Śródka
74%
Rondo Śródka
74%
Ogrody
72%
Ogrody
72%
Kacza
70%
Dworzec Zachodni
66%
Os. Kopernika
64%
Os. Wichrowe Wzgórze
62%
Os. Dębina
57%
Starołęka PKM
57%
Franowo
55%
Unii Lubelskiej
55%
Zieliniec
55%
Meissnera
49%
Janikowo Ogrodnicza
47%
Przebędowo
47%
Kórnik Bnin Osiedle
45%
Junikowo
43%
Dopiewo Dworzec Kolejowy
38%
Krzywoustego
38%
Luboń Żabikowo
36%
Przybroda
34%
Sypniewo
34%
Palędzie Dworzec Kolejowy
32%
Swarzędz Os. Kościuszkowców
30%
Zalasewo Os. Leśne
28%
Nie znaleziono quizów pasujących do podanych kryteriów
Rozkład punktacji
Procent ludzi z każdym wynikiem
Percentyl według liczby udzielonych odpowiedzi
Twoja historia wyników
Nie rozwiązałeś tego quizu od ostatniego zresetowania